WWE Champions by Year - 1985 - Statistics

General Stats
  • This quiz has been taken 161 times
  • The average score is 8 of 12
Answer Stats
Title Date Event Wrestler % Correct
Women's November 25 House show The Spider Lady
89%
Tag Team March 31 WrestleMania I The Iron Sheik
76%
Women's March 31 WrestleMania I Wendi Richter
75%
Intercontinental July 6 House show Tito Santana
73%
Tag Team March 31 WrestleMania I Nikolai Volkoff
67%
Tag Team August 24 House show Greg Valentine
57%
Women's February 18 The War to Settle the Score Leilani Kai
57%
Tag Team August 24 House show Brutus Beefcake
54%
Tag Team January 21 House show Barry Windham
51%
Tag Team June 17 Championship Wrestling Barry Windham
51%
Tag Team January 21 House show Mike Rotundo
51%
Tag Team June 17 Championship Wrestling Mike Rotundo
51%
No matching quizzes found
Score Distribution
Percent of People with Each Score
Percentile by Number Answered
Your Score History
You have not taken this quiz